[Event "C.to Italiano Qualificazione"]
[Site "Saint Vincent - Chatillon ITA"]
[Date "2008.07.22"]
[Round "4"]
[White "Innocenti, Luca"]
[Black "Tomio, Dante"]
[Result "0-1"]
[WhiteElo "2071"]
[BlackElo "1968"]
[PlyCount "82"]
[EventDate "2008.07.19"]

1. c4 c5 2. Nc3 Nc6 3. Nf3 g6 4. e3 Bg7 5. d4 cxd4 6. exd4 d6 7. Be2 Nf6 8. d5
Nb8 9. Be3 O-O 10. O-O a5 11. Nd4 Na6 12. b3 Bd7 13. a3 Qc8 14. Re1 Re8 15. f3
Nc5 16. Bf1 Qb8 17. Ra2 Nh5 18. Ndb5 Nf6 19. Bf2 Bxb5 20. Nxb5 Nfd7 21. f4 a4
22. b4 Nb3 23. Bd3 Qc8 24. Rae2 Nf6 25. Rxe7 Rxe7 26. Rxe7 Ne8 27. Qc2 Bf8 28.
Rxe8 Qxe8 29. Nc7 Qc8 30. Nxa8 Qxa8 31. f5 Qd8 32. fxg6 hxg6 33. Be3 Qf6 34. c5
dxc5 35. bxc5 Qe5 36. Bf2 Qxd5 37. Bc4 Qg5 38. h4 Qc1+ 39. Qxc1 Nxc1 40. Kf1
Nb3 41. Bxb3 axb3 0-1

[Event "C.to Italiano Qualificazione"]
[Site "Saint Vincent - Chatillon ITA"]
[Date "2008.07.22"]
[Round "4"]
[White "Rorato, Renzo"]
[Black "Albanesi, Roberto"]
[Result "1-0"]
[WhiteElo "2078"]
[BlackElo "1967"]
[PlyCount "85"]
[EventDate "2008.07.19"]

1. Nf3 g6 2. c4 Bg7 3. d4 d6 4. Nc3 e5 5. e4 Nc6 6. d5 Nce7 7. b4 a5 8. bxa5
Rxa5 9. Nd2 f5 10. Bd3 Nf6 11. Nb3 Ra8 12. Bg5 h6 13. Bd2 O-O 14. Qe2 b6 15. a4
f4 16. a5 bxa5 17. Rxa5 Bd7 18. Rxa8 Qxa8 19. O-O g5 20. Ra1 Qb8 21. Rb1 Qc8
22. c5 g4 23. Nb5 f3 24. Qf1 g3 25. fxg3 fxg2 26. Qxg2 Bh3 27. Qe2 Ng4 28. Be3
Rf6 29. Nd2 h5 30. Nc4 Qf8 31. Nxc7 Nxe3 32. Nxe3 dxc5 33. Qxh5 Rh6 34. Qe8
Qxe8 35. Nxe8 Kf7 36. Nxg7 Kxg7 37. Rb7 Kf8 38. Nc4 Ra6 39. Nxe5 Ra2 40. d6
Rg2+ 41. Kh1 Nc6 42. Ng6+ Ke8 43. Bb5 1-0

[Event "C.to Italiano Qualificazione"]
[Site "Saint Vincent - Chatillon ITA"]
[Date "2008.07.22"]
[Round "4"]
[White "Simeoni, Matteo"]
[Black "Cornaggia, Ranieri"]
[Result "0-1"]
[WhiteElo "1995"]
[BlackElo "1788"]
[PlyCount "68"]
[EventDate "2008.07.19"]

1. e4 e5 2. Nf3 Nc6 3. d4 exd4 4. Nxd4 Bc5 5. Nf5 Bf8 6. Nc3 g6 7. Nd4 Bg7 8.
Be3 Nge7 9. Be2 O-O 10. h4 d5 11. exd5 Nxd5 12. Nxc6 Bxc3+ 13. bxc3 bxc6 14.
Bd4 Re8 15. Kf1 Qe7 16. Bf3 Ba6+ 17. Kg1 Rad8 18. Bxd5 cxd5 19. Qf3 f5 20. h5
c5 21. hxg6 cxd4 22. gxh7+ Kh8 23. Qxf5 Rf8 24. Qg4 dxc3 25. Qd4+ Qf6 26. Qxa7
d4 27. f3 d3 28. cxd3 c2 29. Rc1 Rxd3 30. Kf2 Rd2+ 31. Kg3 Qg5+ 32. Kh3 Qxg2+
33. Kh4 Rf4+ 34. Kh5 Rd5+ 0-1

[Event "C.to Italiano Qualificazione"]
[Site "Saint Vincent - Chatillon ITA"]
[Date "2008.07.22"]
[Round "4"]
[White "Viglino, Antonio"]
[Black "Crea, Vincenzo"]
[Result "1/2-1/2"]
[WhiteElo "1862"]
[BlackElo "2030"]
[PlyCount "32"]
[EventDate "2008.07.19"]

1. d4 d5 2. Nf3 Nf6 3. c4 c6 4. Nc3 a6 5. e3 Bf5 6. Nh4 Bg6 7. Nxg6 hxg6 8. c5
Nbd7 9. Bd3 Qc7 10. f4 e6 11. Bd2 Be7 12. Qe2 g5 13. fxg5 Nh5 14. O-O-O Bxg5
15. e4 Nf4 16. Bxf4 Bxf4+ 1/2-1/2

[Event "C.to Italiano Qualificazione"]
[Site "Saint Vincent - Chatillon ITA"]
[Date "2008.07.23"]
[Round "5"]
[White "Caresana, Alessandro"]
[Black "Viglino, Antonio"]
[Result "1-0"]
[WhiteElo "2043"]
[BlackElo "1862"]
[PlyCount "51"]
[EventDate "2008.07.19"]

1. d4 Nf6 2. c4 e6 3. Nc3 Bb4 4. Qc2 d5 5. Bg5 c5 6. dxc5 d4 7. O-O-O Bxc5 8.
Ne4 Be7 9. Nf3 Nc6 10. Bxf6 gxf6 11. e3 Qa5 12. Nxd4 Nxd4 13. exd4 Qxa2 14. Nc3
Qa1+ 15. Qb1 Qa5 16. d5 Bd7 17. Qe4 O-O-O 18. Kb1 Bc5 19. Rc1 f5 20. Qe5 Qc7
21. Qf6 e5 22. Nb5 Qb6 23. Qxe5 Rhe8 24. Qc3 a6 25. b4 Bxf2 26. c5 1-0

[Event "C.to Italiano Qualificazione"]
[Site "Saint Vincent - Chatillon ITA"]
[Date "2008.07.23"]
[Round "5"]
[White "Cavatorta, Fosco"]
[Black "Chiarotto, Filippo"]
[Result "0-1"]
[WhiteElo "1921"]
[BlackElo "2096"]
[PlyCount "110"]
[EventDate "2008.07.19"]

1. Nf3 Nf6 2. d4 e6 3. e3 c5 4. Bd3 b6 5. Qe2 Bb7 6. Nbd2 d5 7. c3 Nbd7 8. O-O
Ne4 9. c4 Bd6 10. cxd5 exd5 11. dxc5 bxc5 12. Rd1 Qf6 13. Bb5 O-O-O 14. Qd3 Ne5
15. Qe2 g5 16. Nxe5 Qxe5 17. Nf1 c4 18. Bd2 Nxd2 19. Qxd2 a6 20. Ba4 Kb8 21.
Qd4 Qxd4 22. Rxd4 Be5 23. Rd2 Ka7 24. Rc2 f5 25. Nd2 g4 26. Nf1 h5 27. Ng3 f4
28. exf4 Bxf4 29. Re2 Kb6 30. Re6+ Rd6 31. Rxd6+ Bxd6 32. Nf5 Be5 33. Rb1 Bc6
34. Bxc6 Kxc6 35. g3 Rb8 36. Rd1 Rb7 37. Ne3 Rd7 38. Rd2 Kc5 39. Rc2 a5 40. Kg2
a4 41. h3 gxh3+ 42. Kxh3 Rb7 43. Rd2 d4 44. Nd1 a3 45. Rc2 axb2 46. Nxb2 Rxb2
47. Rxb2 d3 48. Rd2 Kd4 49. f4 Bf6 50. a4 c3 51. Ra2 d2 52. Ra1 c2 53. a5 d1=Q
54. Ra4+ Ke3 55. a6 Qh1# 0-1

[Event "C.to Italiano Qualificazione"]
[Site "Saint Vincent - Chatillon ITA"]
[Date "2008.07.23"]
[Round "5"]
[White "Cornaggia, Ranieri"]
[Black "Caputi, Nicola"]
[Result "1/2-1/2"]
[WhiteElo "1788"]
[BlackElo "2012"]
[PlyCount "64"]
[EventDate "2008.07.19"]

1. e4 c5 2. Nf3 Nc6 3. d4 cxd4 4. Nxd4 e6 5. Nc3 Qc7 6. Be3 a6 7. f3 Nf6 8. Qd2
Bb4 9. a3 Be7 10. Be2 d6 11. O-O-O Ne5 12. Kb1 O-O 13. g4 b5 14. h4 Nc4 15.
Bxc4 bxc4 16. h5 Nd7 17. g5 Nc5 18. g6 Bf6 19. gxh7+ Kxh7 20. Nde2 Rd8 21. Rhg1
Bb7 22. Nf4 Bc6 23. Nh3 Rab8 24. Bd4 e5 25. Bxc5 dxc5 26. Ng5+ Kh8 27. Qe3 Rd4
28. Ka2 Qb7 29. Rb1 Rbd8 30. Rg2 Qe7 31. Rbg1 R8d7 32. Nh3 Rd8 1/2-1/2

[Event "C.to Italiano Qualificazione"]
[Site "Saint Vincent - Chatillon ITA"]
[Date "2008.07.23"]
[Round "5"]
[White "Crea, Vincenzo"]
[Black "Pegoraro, Nicola"]
[Result "0-1"]
[WhiteElo "2030"]
[BlackElo "2021"]
[PlyCount "126"]
[EventDate "2008.07.19"]

1. d4 f5 2. Nf3 Nf6 3. c4 e6 4. Nc3 Bb4 5. Qb3 Qe7 6. a3 Bxc3+ 7. Qxc3 b6 8. g3
Bb7 9. Bg2 O-O 10. O-O d6 11. b3 Nbd7 12. Bb2 Qe8 13. Nd2 Bxg2 14. Kxg2 Qh5 15.
Qf3 Qxf3+ 16. Nxf3 Ne4 17. Rad1 Rae8 18. Nd2 Nxd2 19. Rxd2 e5 20. dxe5 Nxe5 21.
e3 Re6 22. Rd5 Rfe8 23. Rfd1 g6 24. Bc3 Kf7 25. Bxe5 Rxe5 26. Kf3 Re4 27. R5d4
R8e5 28. Rxe4 fxe4+ 29. Ke2 Ke6 30. h4 d5 31. Rc1 c5 32. cxd5+ Rxd5 33. Rc3 a5
34. f3 exf3+ 35. Kxf3 Ke5 36. g4 h5 37. gxh5 gxh5 38. Ke2 Rd6 39. Rc1 Rg6 40.
Rd1 Rg4 41. Rd8 a4 42. bxa4 Rxa4 43. Rb8 Rxa3 44. Rxb6 Ra4 45. Rb8 Rxh4 46. Kd3
c4+ 47. Kc3 Ke4 48. Kxc4 Kxe3+ 49. Kd5 Ra4 50. Rf8 h4 51. Rh8 Kf3 52. Ke5 Kg3
53. Rb8 Ra3 54. Rg8+ Kf3 55. Rh8 Ra4 56. Rf8+ Kg3 57. Rb8 h3 58. Rg8+ Rg4 59.
Ra8 h2 60. Ra3+ Kg2 61. Ra2+ Kh3 62. Ra1 Rg1 63. Ra3+ Kg4 0-1

[Event "C.to Italiano Qualificazione"]
[Site "Saint Vincent - Chatillon ITA"]
[Date "2008.07.23"]
[Round "5"]
[White "De Bortoli, Thomas"]
[Black "Rorato, Renzo"]
[Result "0-1"]
[WhiteElo "1805"]
[BlackElo "2078"]
[PlyCount "68"]
[EventDate "2008.07.19"]

1. e4 c5 2. Nf3 d6 3. d4 cxd4 4. Nxd4 Nf6 5. Nc3 a6 6. Bg5 e6 7. f4 Qb6 8. Nb3
Qe3+ 9. Qe2 Qxe2+ 10. Bxe2 Nc6 11. O-O-O Be7 12. Bf3 h6 13. Bxf6 gxf6 14. Na4
Bd7 15. Nb6 Rd8 16. g4 O-O 17. h4 Kg7 18. Rh2 Nb8 19. Nd4 Bc6 20. Ne2 Nd7 21.
Nxd7 Rxd7 22. Ng3 Rfd8 23. g5 f5 24. Bh5 hxg5 25. fxg5 Bxe4 26. Nxe4 fxe4 27.
Rf1 Rf8 28. Rg2 Bd8 29. Rgf2 Bb6 30. Rg2 Rh8 31. g6 f5 32. Be2 Rxh4 33. Kd1 Kf6
34. Bg4 Rg7 0-1

[Event "C.to Italiano Qualificazione"]
[Site "Saint Vincent - Chatillon ITA"]
[Date "2008.07.23"]
[Round "5"]
[White "Marguerettaz, Davy"]
[Black "De Nardi, Riccardo"]
[Result "1/2-1/2"]
[WhiteElo "1987"]
[BlackElo "1982"]
[PlyCount "43"]
[EventDate "2008.07.19"]

1. d4 Nf6 2. c4 d6 3. Nc3 e5 4. Nf3 Nbd7 5. e4 g6 6. Be2 Bg7 7. O-O O-O 8. Qc2
exd4 9. Nxd4 Re8 10. Be3 Ne5 11. f3 Be6 12. Nxe6 fxe6 13. c5 d5 14. Rfd1 c6 15.
b4 Qc7 16. b5 dxe4 17. Nxe4 Nd5 18. Bd4 Rad8 19. Nd6 Re7 20. Qb2 Nd7 21. Bxg7
Rxg7 22. Ne4 1/2-1/2

[Event "C.to Italiano Qualificazione"]
[Site "Saint Vincent - Chatillon ITA"]
[Date "2008.07.23"]
[Round "5"]
[White "Mazzetta, Renato"]
[Black "Innocenti, Luca"]
[Result "0-1"]
[WhiteElo "1919"]
[BlackElo "2071"]
[PlyCount "94"]
[EventDate "2008.07.19"]

1. e4 e6 2. d3 b6 3. g3 Bb7 4. Bg2 f5 5. Nc3 Nf6 6. Nge2 Be7 7. O-O O-O 8. e5
Bxg2 9. exf6 Bxf1 10. fxe7 Qxe7 11. Qxf1 Nc6 12. Be3 g5 13. f4 g4 14. Nd4 Nd8
15. Re1 d5 16. Bd2 Qf6 17. Nb3 Nf7 18. Qe2 Nd8 19. Nb5 c5 20. Qe5 Qxe5 21. Rxe5
Rc8 22. Nd6 Rc6 23. Nb5 a6 24. Nc3 Nf7 25. Re1 Nh8 26. Nd1 Ng6 27. c3 h5 28.
Kg2 h4 29. Re2 Kf7 30. Re1 Rcc8 31. Nf2 Rh8 32. Rh1 h3+ 33. Kf1 e5 34. Ke2 Rce8
35. Kd1 exf4 36. gxf4 Nh4 37. Nc1 Re7 38. Ne2 Rhe8 39. Ng3 Kg6 40. d4 c4 41.
Kc2 Re2 42. Nxe2 Rxe2 43. Nxg4 fxg4 44. Kd1 Rg2 45. Be1 Nf3 46. Kc1 Rxh2 47.
Rf1 Rg2 0-1

[Event "C.to Italiano Qualificazione"]
[Site "Saint Vincent - Chatillon ITA"]
[Date "2008.07.23"]
[Round "5"]
[White "Parodi, Alessandro"]
[Black "Iatrino, Vincenzo"]
[Result "1-0"]
[WhiteElo "2053"]
[BlackElo "1839"]
[PlyCount "43"]
[EventDate "2008.07.19"]

1. d4 Nf6 2. c4 e6 3. Nc3 b6 4. e4 Bb7 5. Bd3 d5 6. cxd5 exd5 7. e5 Ne4 8. Qf3
Bb4 9. Nge2 O-O 10. O-O Nxc3 11. bxc3 Be7 12. Nf4 Nd7 13. Re1 c6 14. Qh5 g6 15.
Nxg6 hxg6 16. Bxg6 fxg6 17. Qxg6+ Kh8 18. Re3 Bh4 19. Rh3 Nxe5 20. dxe5 Bc8 21.
Bg5 Qxg5 22. Qxg5 1-0

[Event "C.to Italiano Qualificazione"]
[Site "Saint Vincent - Chatillon ITA"]
[Date "2008.07.23"]
[Round "5"]
[White "Rotoni, Matteo"]
[Black "Cardili, Mariano"]
[Result "1/2-1/2"]
[WhiteElo "2089"]
[BlackElo "2100"]
[PlyCount "67"]
[EventDate "2008.07.19"]

1. e4 c6 2. d4 d5 3. e5 Bf5 4. Nf3 e6 5. Be2 c5 6. c4 dxc4 7. Nc3 Nc6 8. d5
exd5 9. Nxd5 Nge7 10. Bxc4 Nxd5 11. Bxd5 Be7 12. O-O O-O 13. Bxc6 bxc6 14. Be3
Bd3 15. Re1 c4 16. Qa4 Qd5 17. Nd4 Rfc8 18. Rad1 a5 19. b3 Bb4 20. bxc4 Bxc4
21. Nc2 Qb5 22. Qxb5 cxb5 23. Nxb4 axb4 24. Bd2 Ra4 25. Rb1 Bxa2 26. Rxb4 Rxb4
27. Bxb4 Rc4 28. Bd2 h6 29. Rc1 Re4 30. Rc2 Be6 31. f4 Re2 32. Kf1 Re4 33. Rb2
Bc4+ 34. Kf2 1/2-1/2

[Event "C.to Italiano Qualificazione"]
[Site "Saint Vincent - Chatillon ITA"]
[Date "2008.07.23"]
[Round "5"]
[White "Tomio, Dante"]
[Black "Barletta, Antonio"]
[Result "0-1"]
[WhiteElo "1968"]
[BlackElo "2032"]
[PlyCount "88"]
[EventDate "2008.07.19"]

1. d4 f5 2. Nf3 Nf6 3. Bg5 e6 4. e3 b6 5. Bd3 Bb7 6. Nbd2 Be7 7. c3 O-O 8. Qb3
Ne4 9. Bxe7 Qxe7 10. Qc2 Nxd2 11. Qxd2 d6 12. Qe2 e5 13. dxe5 dxe5 14. Bc4+ Kh8
15. h4 Nd7 16. O-O-O Nf6 17. Ng5 a6 18. f3 b5 19. Bb3 c5 20. e4 c4 21. Bc2 f4
22. Rd2 h6 23. Qd1 a5 24. Rd6 Kg8 25. Ne6 Rfc8 26. g4 fxg3 27. Rg1 Ra6 28. Rxa6
Bxa6 29. Nxg7 Kxg7 30. Rxg3+ Kh7 31. f4 Rd8 32. Qf3 Bb7 33. f5 Rg8 34. h5 Rg5
35. Rxg5 hxg5 36. Qe3 Qg7 37. b3 g4 38. bxc4 bxc4 39. Qc5 g3 40. Qg1 Bxe4 41.
Bxe4 Nxe4 42. Qg2 Qg5+ 43. Kc2 Qxf5 44. Kb2 Qf2+ 0-1

[Event "C.to Italiano Qualificazione"]
[Site "Saint Vincent - Chatillon ITA"]
[Date "2008.07.24"]
[Round "6"]
[White "Barletta, Antonio"]
[Black "Rotoni, Matteo"]
[Result "1/2-1/2"]
[WhiteElo "2032"]
[BlackElo "2089"]
[PlyCount "70"]
[EventDate "2008.07.19"]

1. e4 e6 2. Nf3 d5 3. e5 c5 4. b4 cxb4 5. a3 Nc6 6. axb4 Bxb4 7. c3 Be7 8. d4
Bd7 9. Bd3 f5 10. h4 h5 11. Bg5 a6 12. O-O Nh6 13. Nbd2 Nf7 14. Bxe7 Qxe7 15.
Qb3 O-O 16. Rfb1 b5 17. Nf1 Rfb8 18. Ng3 g6 19. Ne2 a5 20. Qa2 b4 21. cxb4 Nxb4
22. Qd2 Nxd3 23. Qxd3 Rb4 24. Rxb4 Qxb4 25. Qa3 Qxa3 26. Rxa3 a4 27. Nf4 Rb8
28. Nd3 Rb1+ 29. Kh2 Rb3 30. Rxb3 axb3 31. Nb2 Nd8 32. Nd2 Bb5 33. Nxb3 Nc6 34.
Kg3 Bc4 35. Nd2 Nxd4 1/2-1/2

[Event "C.to Italiano Qualificazione"]
[Site "Saint Vincent - Chatillon ITA"]
[Date "2008.07.24"]
[Round "6"]
[White "Bussa, Paolo"]
[Black "Innocenti, Luca"]
[Result "1/2-1/2"]
[WhiteElo "1912"]
[BlackElo "2071"]
[PlyCount "71"]
[EventDate "2008.07.19"]

1. Nf3 e6 2. g3 b6 3. Bg2 Bb7 4. O-O f5 5. d3 Nf6 6. Nbd2 Be7 7. b3 O-O 8. Bb2
c5 9. e3 d5 10. Ne5 Nc6 11. Ndf3 Nxe5 12. Nxe5 Bd6 13. c4 Qe7 14. Re1 Rad8 15.
Qc2 Nd7 16. Nxd7 Qxd7 17. Rad1 Qf7 18. f4 Rfe8 19. d4 Rc8 20. Rc1 Rc7 21. Qd2
Bf8 22. Red1 Rd8 23. Bc3 Rcd7 24. Qb2 Ba6 25. Qa3 cxd4 26. Qxa6 dxc3 27. cxd5
exd5 28. Rxc3 Bc5 29. Rcd3 Qe6 30. Kf2 h6 31. Qb5 a5 32. a3 d4 33. exd4 Rxd4
34. Kf1 Rxd3 35. Rxd3 Rxd3 36. Qxd3 1/2-1/2

[Event "C.to Italiano Qualificazione"]
[Site "Saint Vincent - Chatillon ITA"]
[Date "2008.07.24"]
[Round "6"]
[White "Cardili, Mariano"]
[Black "Marguerettaz, Davy"]
[Result "1/2-1/2"]
[WhiteElo "2100"]
[BlackElo "1987"]
[PlyCount "101"]
[EventDate "2008.07.19"]

1. d4 d5 2. c4 e5 3. dxe5 d4 4. Nf3 Nc6 5. g3 Nge7 6. Bg2 Ng6 7. O-O Ngxe5 8.
Qb3 Nxf3+ 9. Bxf3 Be7 10. Na3 O-O 11. Bf4 a6 12. Rfd1 Bf6 13. Nc2 Qe7 14. Bxc6
bxc6 15. Nxd4 c5 16. Qf3 Bxd4 17. Qxa8 Qxe2 18. Qg2 Bf5 19. Rd2 Qxc4 20. Be3
Rb8 21. Qf3 g6 22. Qf4 Qb4 23. Bxd4 cxd4 24. Qxd4 Qxd4 25. Rxd4 Rxb2 26. a3 Rc2
27. h4 c5 28. Rdd1 Rb2 29. Rdc1 Rb5 30. Rc3 Be6 31. Rac1 c4 32. Kg2 Bd5+ 33. f3
Rb2+ 34. R1c2 Rb1 35. Rc1 Rb2+ 36. R1c2 Rb1 37. g4 h5 38. Kg3 hxg4 39. fxg4
Rg1+ 40. Kh3 Rh1+ 41. Rh2 Rg1 42. Rf2 Kg7 43. Rd2 Be6 44. Rg2 Rh1+ 45. Kg3 Rf1
46. g5 Kf8 47. Rh2 Ke7 48. h5 gxh5 49. Rxh5 Kd6 50. Kg2 Rf5 51. Rg3 1/2-1/2

[Event "C.to Italiano Qualificazione"]
[Site "Saint Vincent - Chatillon ITA"]
[Date "2008.07.24"]
[Round "6"]
[White "Chiarotto, Filippo"]
[Black "Cornaggia, Ranieri"]
[Result "0-1"]
[WhiteElo "2096"]
[BlackElo "1788"]
[PlyCount "112"]
[EventDate "2008.07.19"]

1. d4 Nf6 2. Nc3 g6 3. e4 d6 4. f3 Bg7 5. Be3 O-O 6. Qd2 e5 7. Nge2 Nc6 8. d5
Ne7 9. O-O-O a5 10. g4 Bd7 11. Ng3 Qb8 12. h4 b5 13. Bh6 b4 14. Nb1 a4 15. Bxg7
Kxg7 16. h5 Rh8 17. h6+ Kf8 18. g5 Nh5 19. Nxh5 gxh5 20. f4 b3 21. axb3 Ng6 22.
f5 Nf4 23. b4 Qb6 24. Na3 Rb8 25. c3 Rg8 26. Nc4 Qa7 27. Qh2 Rxg5 28. Qh4 f6
29. Kb1 Kf7 30. Ka2 Rbg8 31. Qe1 Rg3 32. Rd2 Kf8 33. Rdh2 R8g5 34. Qd2 Rg1 35.
Rxg1 Qxg1 36. Qf2 Qxf2 37. Rxf2 h4 38. Ne3 h3 39. Rh2 Rg3 40. Nc2 Rg2 41. Rxh3
Rxc2 42. Rg3 Nh5 43. Rh3 Be8 44. Ba6 Rg2 45. c4 Rg4 46. Re3 Ng3 47. c5 Nxe4 48.
c6 Ke7 49. Bc8 Kd8 50. Be6 Ng5 51. Ka3 Nxe6 52. fxe6 f5 53. Kxa4 f4 54. Re1 f3
55. Kb5 f2 56. Rf1 Rf4 0-1

[Event "C.to Italiano Qualificazione"]
[Site "Saint Vincent - Chatillon ITA"]
[Date "2008.07.24"]
[Round "6"]
[White "De Bortoli, Thomas"]
[Black "Crea, Vincenzo"]
[Result "1/2-1/2"]
[WhiteElo "1805"]
[BlackElo "2030"]
[PlyCount "86"]
[EventDate "2008.07.19"]

1. e4 e6 2. d4 d5 3. Nc3 dxe4 4. Nxe4 Qd5 5. Nc3 Bb4 6. Nf3 Nf6 7. Bd3 c5 8.
O-O Bxc3 9. bxc3 Nc6 10. Bf4 O-O 11. c4 Qd8 12. dxc5 e5 13. Nxe5 Qd4 14. Nxc6
Qxf4 15. Ne7+ Kh8 16. Nd5 Qh6 17. Nxf6 Qxf6 18. Qh5 g6 19. Qe2 Bd7 20. Rab1 Bc6
21. Qd2 Rfe8 22. Qb4 Qg5 23. f3 Qe3+ 24. Kh1 Kg8 25. Rbe1 Qd4 26. Rd1 Qf4 27.
Qd2 Qd4 28. Qb4 Qf4 29. Rfe1 Re3 30. Rxe3 Qxe3 31. Re1 Qd4 32. Be4 a5 33. Qb3
Qxc5 34. Rf1 Rc8 35. Re1 Re8 36. Rb1 Rc8 37. Bxc6 Qxc6 38. Qa3 Qxc4 39. Qxa5
Qxc2 40. Re1 Qf2 41. a4 b6 42. Qb4 Kg7 43. Qe4 Qc5 1/2-1/2

[Event "C.to Italiano Qualificazione"]
[Site "Saint Vincent - Chatillon ITA"]
[Date "2008.07.24"]
[Round "6"]
[White "Malano, Francesco"]
[Black "Tomio, Dante"]
[Result "0-1"]
[WhiteElo "1898"]
[BlackElo "1968"]
[PlyCount "80"]
[EventDate "2008.07.19"]

1. Nf3 Nf6 2. g3 c6 3. Bg2 g6 4. b3 Bg7 5. Bb2 O-O 6. O-O d5 7. d3 Nbd7 8. Nbd2
Nb6 9. e4 dxe4 10. dxe4 Bg4 11. Re1 e6 12. c4 Qe7 13. Qc2 Rfd8 14. h3 Bxf3 15.
Nxf3 Rd7 16. Ne5 Rdd8 17. f4 Nh5 18. Kh2 Nd7 19. Nf3 e5 20. f5 Nf8 21. Rad1 Qc7
22. g4 Nf4 23. Bf1 gxf5 24. gxf5 f6 25. c5 Kh8 26. Bc4 Qe7 27. b4 Qe8 28. Rg1
Qh5 29. Rg3 h6 30. Rdg1 Rd7 31. Rh1 Rad8 32. Bc1 Nh7 33. Bf1 Ng5 34. Nxg5 hxg5
35. Bxf4 gxf4 36. Rd3 Rxd3 37. Bxd3 Qf3 38. Rd1 Bh6 39. Rd2 Qe3 40. Kh1 f3 0-1

[Event "C.to Italiano Qualificazione"]
[Site "Saint Vincent - Chatillon ITA"]
[Date "2008.07.24"]
[Round "6"]
[White "Parodi, Alessandro"]
[Black "Caputi, Nicola"]
[Result "1-0"]
[WhiteElo "2053"]
[BlackElo "2012"]
[PlyCount "91"]
[EventDate "2008.07.19"]

1. d4 Nf6 2. c4 e6 3. Nc3 Bb4 4. Qc2 O-O 5. a3 Bxc3+ 6. Qxc3 b6 7. Bg5 Bb7 8.
f3 h6 9. Bh4 d5 10. cxd5 exd5 11. e3 Re8 12. Bf2 Nbd7 13. Bd3 c5 14. Ne2 Rc8
15. Qd2 c4 16. Bf5 b5 17. O-O a5 18. Nc3 Bc6 19. e4 b4 20. Nxd5 Bxd5 21. exd5
Nxd5 22. axb4 axb4 23. Qc2 Rc6 24. Qa4 Nb8 25. Be4 Ra6 26. Qb5 Rxa1 27. Rxa1
Nf6 28. Qxb4 Nbd7 29. Ra8 Qc7 30. Bg3 Qb6 31. Rxe8+ Nxe8 32. Qxb6 Nxb6 33. Bc6
Kf8 34. Kf2 Ke7 35. Ke2 f5 36. Kd2 g5 37. Be5 Nd6 38. Kc3 f4 39. Kb4 Nf5 40.
Kc5 Nd7+ 41. Bxd7 Kxd7 42. Kxc4 Ne3+ 43. Kd3 Nxg2 44. Ke4 h5 45. h3 Ne1 46. Bf6
1-0

[Event "C.to Italiano Qualificazione"]
[Site "Saint Vincent - Chatillon ITA"]
[Date "2008.07.24"]
[Round "6"]
[White "Rorato, Renzo"]
[Black "De Nardi, Riccardo"]
[Result "1-0"]
[WhiteElo "2078"]
[BlackElo "1982"]
[PlyCount "87"]
[EventDate "2008.07.19"]

1. Nf3 Nf6 2. c4 g6 3. Nc3 Bg7 4. e4 d6 5. d4 O-O 6. Be2 e5 7. O-O Nc6 8. d5
Ne7 9. Nd2 c5 10. Rb1 Ne8 11. b4 b6 12. bxc5 bxc5 13. Nb3 f5 14. Bg5 Bf6 15.
Bd2 Kh8 16. f3 Ng8 17. Qc1 f4 18. Nd1 Bh4 19. Na5 Qg5 20. Nf2 Qh5 21. Nh1 Bh3
22. Rd1 Qg5 23. Bf1 Nef6 24. g3 Bc8 25. Bg2 Qh5 26. gxh4 Nxe4 27. Be1 g5 28.
fxe4 gxh4 29. Rd3 f3 30. Qd1 Bg4 31. Nf2 h3 32. Bh1 Qg6 33. Nxg4 Qxg4+ 34. Bg3
h5 35. Bxf3 Qg5 36. Bxh5 Rf4 37. Bf3 Raf8 38. Qf1 Nh6 39. Nc6 R8f7 40. Kh1 Rxe4
41. Qxh3 Rxc4 42. Rg1 Rc1 43. Rdd1 Rxd1 44. Bxd1 1-0

[Event "C.to Italiano Qualificazione"]
[Site "Saint Vincent - Chatillon ITA"]
[Date "2008.07.24"]
[Round "6"]
[White "Viglino, Antonio"]
[Black "Albanesi, Roberto"]
[Result "1/2-1/2"]
[WhiteElo "1862"]
[BlackElo "1967"]
[PlyCount "71"]
[EventDate "2008.07.19"]

1. d4 g6 2. c4 Bg7 3. Nc3 d6 4. e4 e5 5. Nf3 Nc6 6. Bg5 f6 7. Be3 Nh6 8. dxe5
Nxe5 9. Nxe5 fxe5 10. Be2 O-O 11. h4 Nf7 12. g4 h6 13. g5 h5 14. Bxh5 gxh5 15.
Qxh5 Nh8 16. g6 Nxg6 17. Qxg6 Qf6 18. Qg3 Qf3 19. Rg1 Qxg3 20. Rxg3 Kh7 21. Nb5
Rf7 22. Nxa7 Be6 23. b3 c6 24. a4 Bh6 25. Bb6 Rf4 26. f3 Rxh4 27. Ke2 Rg8 28.
Rxg8 Kxg8 29. Be3 Rh2+ 30. Kd3 Bxe3 31. Kxe3 Rb2 32. Ra3 Kf8 33. a5 Bd7 34. a6
bxa6 35. Rxa6 Rxb3+ 36. Kf2 1/2-1/2

[Event "C.to Italiano Qualificazione"]
[Site "Saint Vincent - Chatillon ITA"]
[Date "2008.07.25"]
[Round "7"]
[White "Caputi, Nicola"]
[Black "Tomio, Dante"]
[Result "1-0"]
[WhiteElo "2012"]
[BlackElo "1968"]
[PlyCount "57"]
[EventDate "2008.07.19"]

1. c4 e6 2. Nf3 Nf6 3. g3 c6 4. Bg2 d5 5. b3 g6 6. Bb2 Bg7 7. O-O O-O 8. d3
Nbd7 9. Nbd2 Qe7 10. Qc2 Rd8 11. a3 a5 12. Rab1 Rb8 13. b4 axb4 14. axb4 b5 15.
c5 e5 16. e3 Ra8 17. Ra1 Bb7 18. Nb3 e4 19. dxe4 dxe4 20. Nfd2 Rxa1 21. Rxa1
Re8 22. Ra7 Ba8 23. Bxf6 Bxf6 24. Nxe4 Bg7 25. Nd6 Rd8 26. Qa2 Qf8 27. Nd4 Bxd4
28. exd4 h5 29. Bh3 1-0

[Event "C.to Italiano Qualificazione"]
[Site "Saint Vincent - Chatillon ITA"]
[Date "2008.07.25"]
[Round "7"]
[White "Caresana, Alessandro"]
[Black "Barletta, Antonio"]
[Result "1/2-1/2"]
[WhiteElo "2043"]
[BlackElo "2032"]
[PlyCount "65"]
[EventDate "2008.07.19"]

1. d4 f5 2. g3 Nf6 3. Bg2 g6 4. Nh3 Bg7 5. O-O O-O 6. Bg5 Nc6 7. c3 Kh8 8. Nd2
Qe8 9. Bxf6 Bxf6 10. f4 d6 11. d5 Nd8 12. e4 Nf7 13. Qb3 e5 14. Rae1 Qd8 15.
Qc4 Bd7 16. Rd1 a6 17. Qe2 Qc8 18. Nf2 exf4 19. gxf4 fxe4 20. Ndxe4 Bg7 21. Kh1
Nh6 22. Ng5 Rxf4 23. Ne6 Rf5 24. Nd3 Qe8 25. Rxf5 Nxf5 26. Bh3 Nh6 27. Rf1 c6
28. c4 cxd5 29. cxd5 Rc8 30. Qf2 Qe7 31. Qg2 Bxe6 32. Bxe6 Rf8 33. Rc1 1/2-1/2

[Event "C.to Italiano Qualificazione"]
[Site "Saint Vincent - Chatillon ITA"]
[Date "2008.07.25"]
[Round "7"]
[White "Castellano, Alfonso"]
[Black "Bussa, Paolo"]
[Result "1-0"]
[WhiteElo "1926"]
[BlackElo "1912"]
[PlyCount "58"]
[EventDate "2008.07.19"]

1. c4 Nf6 2. Nc3 e6 3. e4 d5 4. e5 d4 5. exf6 dxc3 6. bxc3 gxf6 7. g3 Bd7 8.
Bg2 Bc6 9. Bxc6+ Nxc6 10. d4 h5 11. Nf3 b6 12. O-O Bd6 13. Re1 Qd7 14. Be3
O-O-O 15. Qe2 e5 16. c5 Be7 17. Qa6+ Kb8 18. Rab1 Qc8 19. Qb5 Qd7 20. Red1 Qd5
21. Nh4 exd4 22. cxd4 Ka8 23. Nf5 Rd7 24. Qa4 Nb8 25. Qc2 Rhd8 26. Bf4 bxc5 27.
Nxe7 Rxe7 28. dxc5 Re1+ 29. Rxe1 Qf3 1-0

[Event "C.to Italiano Qualificazione"]
[Site "Saint Vincent - Chatillon ITA"]
[Date "2008.07.25"]
[Round "7"]
[White "Cornaggia, Ranieri"]
[Black "Parodi, Alessandro"]
[Result "0-1"]
[WhiteElo "1788"]
[BlackElo "2053"]
[PlyCount "64"]
[EventDate "2008.07.19"]

1. e4 d6 2. d4 Nf6 3. Nc3 g6 4. Be3 Bg7 5. f3 c6 6. Qd2 b5 7. O-O-O O-O 8. h4
h5 9. Bh6 Qa5 10. g4 b4 11. Nb1 Qxa2 12. e5 Nd5 13. Bxg7 Kxg7 14. gxh5 Bf5 15.
Bd3 Bxd3 16. Qxd3 Nf4 17. h6+ Kh7 18. Qe4 Nh5 19. exd6 exd6 20. Qe7 Na6 21.
Qxd6 c5 22. Ne2 Rad8 23. Qh2 c4 24. c3 bxc3 25. Nexc3 Qa1 26. Qe2 Nb4 27. Qxc4
Rb8 28. Rh2 Rfc8 29. Qf1 Na2+ 30. Kd2 Qxb2+ 31. Ke3 Qxh2 32. Rd2 Qf4+ 0-1